<?xml version="1.0" encoding="UTF-8"?>
<record
    xmlns:xsi="http://www.w3.org/2001/XMLSchema-instance"
    xsi:schemaLocation="http://www.loc.gov/MARC21/slim http://www.loc.gov/standards/marcxml/schema/MARC21slim.xsd"
    xmlns="http://www.loc.gov/MARC21/slim">

  <leader>04591cam a2200385 i 4500</leader>
  <controlfield tag="001">21895017</controlfield>
  <controlfield tag="005">20251014183142.0</controlfield>
  <controlfield tag="008">210126e202009  cl       b    000 0 spa  </controlfield>
  <datafield tag="010" ind1=" " ind2=" ">
    <subfield code="a">  2021358620</subfield>
  </datafield>
  <datafield tag="020" ind1=" " ind2=" ">
    <subfield code="a">9789564001494</subfield>
  </datafield>
  <datafield tag="035" ind1=" " ind2=" ">
    <subfield code="a">21895017</subfield>
  </datafield>
  <datafield tag="035" ind1=" " ind2=" ">
    <subfield code="a">(PE-LiEIC)it201600008437</subfield>
  </datafield>
  <datafield tag="040" ind1=" " ind2=" ">
    <subfield code="a">DLC</subfield>
    <subfield code="b">eng</subfield>
    <subfield code="c">DLC</subfield>
    <subfield code="e">rda</subfield>
  </datafield>
  <datafield tag="042" ind1=" " ind2=" ">
    <subfield code="a">pcc</subfield>
  </datafield>
  <datafield tag="043" ind1=" " ind2=" ">
    <subfield code="a">s-cl---</subfield>
  </datafield>
  <datafield tag="050" ind1="0" ind2="0">
    <subfield code="a">KHF1789</subfield>
    <subfield code="b">.D476 2020</subfield>
  </datafield>
  <datafield tag="082" ind1=" " ind2=" ">
    <subfield code="a">349.283 D431t 2020</subfield>
  </datafield>
  <datafield tag="245" ind1="0" ind2="0">
    <subfield code="a">Derecho del trabajo y los efectos laborales de la crisis y emergencia sanitaria en Chile /</subfield>
    <subfield code="c">&#xC1;lvaro Dom&#xED;nguez Montoya, Diego Rosas Bert&#xED;n, coordinadores.</subfield>
  </datafield>
  <datafield tag="250" ind1=" " ind2=" ">
    <subfield code="a">1a. edici&#xF3;n.</subfield>
  </datafield>
  <datafield tag="300" ind1=" " ind2=" ">
    <subfield code="a">vi, 408 pag ;</subfield>
    <subfield code="c">25 cm.</subfield>
  </datafield>
  <datafield tag="490" ind1="0" ind2=" ">
    <subfield code="a">Monograf&#xED;as</subfield>
  </datafield>
  <datafield tag="504" ind1=" " ind2=" ">
    <subfield code="a">Includes bibliographical references.</subfield>
  </datafield>
  <datafield tag="505" ind1="0" ind2=" ">
    <subfield code="a">Derecho del trabajo y pandemia: el impacto de la crisis y mirada de futuro en Chile / Rodrigo Palomo V&#xE9;lez -- Lo primero, la relaci&#xF3;n laboral / Francisco Tapia Guerrero, Carmen Elena Dom&#xED;nguez -- Algunas aplicaciones del principio de buena fe en la normativa laboral sobre el COVID-19 / Alfredo Sierra Herrero, Roberto Cer&#xF3;n Reyes -- An&#xE1;lisis cr&#xED;ticos de los aspectos previsionales contemplados en la Ley no. 21.227 / Gabriela Lanata Fuenzalida -- La suspensi&#xF3;n convencional del contrato de trabajo en Chile / Ra&#xFA;l Fern&#xE1;ndez Toledo -- La suspensi&#xF3;n del contrato de trabajo ante el acto de autoridad y el devenir del pago de las remuneraciones / &#xC1;lvaro Dom&#xED;nguez Montoya -- La prevenci&#xF3;n de riesgos laborales durante la pandemia por la COVID-19 / Cayetano N&#xFA;&#xF1;ez Gonz&#xE1;lez -- Elementos para la caracterizaci&#xF3;n del riesgo grave e inminente en el ordenamiento laboral chileno / Diego Rosas Bertin -- La culpa en la responsabilidad civil del empleador por contravenci&#xF3;n de la obligaci&#xF3;n de seguridad en contexto de la pandemia / Ricardo Concha Machuca -- El teletrabajo y su implementaci&#xF3;n con ocasi&#xF3;n de la crisis sanitaria: reglas permanentes para un escenario de contingencia / Christian Melis Valencia -- El trabajo a distancia y el teletrabajo, una modalidad o contrataci&#xF3;n especial: an&#xE1;lisis de la Ley no. 21.220 de 26 de marzo de 2020 / Patricio Mella Cabrera -- El derecho de desconexi&#xF3;n en el teletrabajo y salud laboral en tiempos de pandemia / Yenny Pinto Sarmiento -- Pandemia COVID-19, la debacle econ&#xF3;mica, liquidaci&#xF3;n y reorganizaci&#xF3;n de las empresas ante la crisis y sus efectos en el empleo / Francoise Etcheberry Par&#xE9;s -- Problem&#xE1;ticas de los cambios de titularidad por sucesi&#xF3;n de empresas en el derecho del trabajo chileno / Mar&#xED;a Soledad Jofr&#xE9; Bustos -- Finiquito electr&#xF3;nico, Direcci&#xF3;n del Trabajo y la banalidad de las formas jur&#xED;dicas / &#xC1;lvaro Dom&#xED;nguez Montoya, Rodolfo Walter D&#xED;az -- El rol de los sindicatos en tiempos de crisis / Karla Varas Marchant -- A prop&#xF3;sito de la suspensi&#xF3;n de plazos en las relaciones colectivas de trabajo: una vez m&#xE1;s, el control (o el intento de control) de la negociaci&#xF3;n colectiva y la rectificaci&#xF3;n a la propuesta de elecciones de las organizaciones de trabajadores / Irene Rojas Mi&#xF1;o -- Naturaleza jur&#xED;dica de los dict&#xE1;menes de la Direcci&#xF3;n del Trabajo: una mirada administrativista (a prop&#xF3;sito del Dictamen no. 1.283/006 de 2020 de la Direcci&#xF3;n del Trabajo en el contexto de COVID-19) / Fabi&#xE1;n Huepe Artigas -- Delito de obtenci&#xF3;n fraudulenta de beneficios de la Ley no. 21.227 / Claudio Palavecino C&#xE1;ceres -- El efecto en la justicia laboral del COVID-19 / Rodolfo Caballero Mu&#xF1;oz.</subfield>
  </datafield>
  <datafield tag="520" ind1=" " ind2=" ">
    <subfield code="a">El presente libro es una obra colectiva que agrupa trabajos de investigaci&#xF3;n y ensayos acad&#xE9;micos, enfocado en los efectos jur&#xED;dicos de la pandemia en las relaciones de trabajo, observando, debatiendo y problematizando los cambios y vicisitudes que ha generado la enfermedad del COVID-19 en el mundo del trabajo y su regulaci&#xF3;n en nuestro pa&#xED;s. Esta obra recopila 22 trabajos de acad&#xE9;micos y acad&#xE9;micas de distintas casas de estudios, a fin de exponer visiones y problem&#xE1;ticas sobre el Derecho del Trabajo y los efectos laborales de la crisis y emergencia sanitaria en Chile.</subfield>
  </datafield>
  <datafield tag="650" ind1=" " ind2="0">
    <subfield code="a">Derecho del trabajo</subfield>
    <subfield code="z">Chile.</subfield>
    <subfield code="9">7032</subfield>
  </datafield>
  <datafield tag="650" ind1=" " ind2="0">
    <subfield code="a">COVID-19</subfield>
    <subfield code="x">Legislaci&#xF3;n</subfield>
    <subfield code="z">Chile.</subfield>
    <subfield code="9">34210</subfield>
  </datafield>
  <datafield tag="650" ind1=" " ind2="0">
    <subfield code="a">Coronavirus</subfield>
    <subfield code="9">27202</subfield>
  </datafield>
  <datafield tag="650" ind1=" " ind2="0">
    <subfield code="a">Teletrabajo</subfield>
    <subfield code="9">14316</subfield>
  </datafield>
  <datafield tag="650" ind1=" " ind2="0">
    <subfield code="a">Contratos de trabjo</subfield>
    <subfield code="9">34211</subfield>
  </datafield>
  <datafield tag="700" ind1="1" ind2=" ">
    <subfield code="a">Dom&#xED;nguez Montoya, &#xC1;lvaro Eduardo,</subfield>
    <subfield code="e">editor.</subfield>
    <subfield code="9">34212</subfield>
  </datafield>
  <datafield tag="700" ind1="1" ind2=" ">
    <subfield code="a">Rosas Bert&#xED;n, Diego Ignacio,</subfield>
    <subfield code="e">editor.</subfield>
    <subfield code="9">34213</subfield>
  </datafield>
  <datafield tag="906" ind1=" " ind2=" ">
    <subfield code="a">7</subfield>
    <subfield code="b">cbc</subfield>
    <subfield code="c">origres</subfield>
    <subfield code="d">2</subfield>
    <subfield code="e">ncip</subfield>
    <subfield code="f">20</subfield>
    <subfield code="g">y-gencatlg</subfield>
  </datafield>
  <datafield tag="942" ind1=" " ind2=" ">
    <subfield code="2">ddc</subfield>
    <subfield code="c">LIBRO</subfield>
  </datafield>
  <datafield tag="999" ind1=" " ind2=" ">
    <subfield code="c">19272</subfield>
    <subfield code="d">19272</subfield>
  </datafield>
  <datafield tag="952" ind1=" " ind2=" ">
    <subfield code="0">0</subfield>
    <subfield code="1">0</subfield>
    <subfield code="2">ddc</subfield>
    <subfield code="4">0</subfield>
    <subfield code="7">0</subfield>
    <subfield code="8">REF</subfield>
    <subfield code="a">BC</subfield>
    <subfield code="b">BC</subfield>
    <subfield code="d">2025-10-14</subfield>
    <subfield code="e">Donaci&#xF3;n</subfield>
    <subfield code="l">0</subfield>
    <subfield code="o">349.283 D431t 2020 c.1</subfield>
    <subfield code="p">00025466</subfield>
    <subfield code="r">2025-10-14</subfield>
    <subfield code="w">2025-10-14</subfield>
    <subfield code="y">LIBRO</subfield>
  </datafield>
</record>
